Oxygen in the metal and gaseous fuel industries : the plenary lectures of the first BOC Priestley Conference /
Guardado en:
| Autores Corporativos: | , , , |
|---|---|
| Formato: | Libro |
| Idioma: | English |
| Publicado: |
London :
Chemical Society,
c1978.
|
| Series: | Special publication (Royal Society of Chemistry (Great Britain)) ;
no. 32. |
| Materias: | |
| Etiquetas: |
Agregar Etiqueta
Sin Etiquetas, Sea el primero en etiquetar este registro!
|
| LEADER | 01352cam a22003135a 4500 | ||
|---|---|---|---|
| 001 | EIQ.libpla002395 | ||
| 008 | 790717s1978####enkao####b####100#0#eng#d | ||
| 005 | 20070611151218.0 | ||
| 245 | 1 | 0 | |a Oxygen in the metal and gaseous fuel industries : |b the plenary lectures of the first BOC Priestley Conference / |c sponsored by the BOC Gases Division Trust and organised by the Chemical Society in conjunction with the University of Leeds, Leeds, September 26th-29th, 1977. |
| 260 | |a London : |b Chemical Society, |c c1978. | ||
| 300 | |a xi, 274 p. : |b il., fotos ; |c 21 cm. | ||
| 490 | 1 | |a Special publication - The Chemical Society ; no. 32 | |
| 504 | |a Incluye referencias bibliográficas. | ||
| 020 | |a 0851861385 | ||
| 111 | 2 | |a BOC Priestley Conference |n (1st : |d 1977: : |c University of Leeds) | |
| 710 | 2 | |a BOC Gases Division Trust. | |
| 710 | 2 | |a Chemical Society (Great Britain) | |
| 710 | 2 | |a University of Leeds. | |
| 830 | 0 | |a Special publication (Royal Society of Chemistry (Great Britain)) ; |v no. 32. | |
| 082 | 0 | 0 | |a 665.8/23 |2 19 |
| 650 | 4 | |a Oxígeno |x Congresos. | |
| 650 | 4 | |a Metalurgia |x Congresos. | |
| 650 | 4 | |a Acero |x Congresos. | |
| 650 | 4 | |a Steel |x Congresses. | |
| 650 | 4 | |a Metallurgy |x Congresses. | |
| 650 | 0 | |a Oxygen |x Congresses. | |
| 010 | |a 79312873 | ||
| 040 | |a DLC |c DLC |d AR-BbSID | ||
| 859 | |a AR-BbSID |b BIB. PLAPIQUI |h 665.823 |i B 777 |p 1180 | ||
